00313 a2200109 4500001000700000020000600007040001100013100002300024240007600047245007100123362000900194168216 a  cMagnum aAlsop, Pippa (Org)10aTranstornos emocionais na escola: alternativas teoricas e praticaslpor10aTranstornos emocionais na escola: alternativas teoricas e praticas0 a1899